000 00451nam a2200169Ia 4500
003 LK-CoDNM
005 20240910112856.0
008 010623t1877 xxu||||| |||| 00| 1 eng d
040 _aLK-CoDNM
_dLK-CoDNM
_eLK-CoDNM
041 _aeng
080 _a6
_bD40
100 _aCapper, John
245 _aOld Ceylon :Sketches of Ceylon Life in the Olden Time
260 _bCeylon Times press
_aColombo
_c1877
300 _b208p. : ill ; 22 cm
942 _cBK
999 _c82106
_d82106